000 01319cam a2200361 a 4500
001 4056
003 BD-DhEWU
005 20190409020001.0
008 030703r20052004ii a g 001 0 eng d
020 _a0131217291 (International ed.)
020 _a9780131217294
020 _a0131011189
020 _a9780131011182
020 _a8129702568
035 _a(OCoLC)52620946
040 _aOX/U-1
_beng
_cBD-DhEWU
_dBD-DhEWU
041 _aeng
082 0 4 _a658.83
_bMAM 2004
100 1 _aMalhotra, Naresh K.
_911736
245 1 0 _aMarketing research :
_ban applied orientation /
_cNaresh K. Malhotra.
250 _a4th ed.
260 _aLondon;
_aNew Delhi :
_bPrentice-Hall International;
_bPearson Education,
_c2004.
300 _axxix, [781] p. [various pagings] :
_bill., ports. ;
_c28 cm.
500 _aDisc in pocket attached to front cover.
500 _aAccompanying material: Instructors manual (book) ; Instructor's resource CD-ROM (4 3/4 in.)
504 _aIncludes bibliographical references and index
526 _aBA
590 _aSagar Shahanawaz
650 0 _aMarketing research
_xMethodology.
_9197
856 4 2 _3WorldCat details
_uhttps://www.worldcat.org/title/marketing-research-an-applied-orientation/oclc/52620946&referer=brief_results
942 _2ddc
_cTEXT
_093
999 _c4056
_d4056
999 _c4056
_d4056